Mito del Reyno de Chile siglo XX: invención ilustrada de un Chile Secreto, 1910-2010

Gorde:
Xehetasun bibliografikoak
Egile Nagusiak: Escobar Morales, Marcelo (Egilea), Araneda González, Marcela Paz (Egilea), Baeza Hermosilla, Marcelo (Egilea)
Formatua: Liburua
Hizkuntza:gaztelania
Argitaratua: Santiago Lom 2012
Edizioa:1a. ed
Gaiak:
Etiketak: Etiketa erantsi
Etiketarik gabe, Izan zaitez lehena erregistro honi etiketa jartzen!

MARC

LEADER 00000cam a2200000 a 4500
001 UCC0386
003 CL-VaPUC
008 170811e20120000cl |||||||||||||||||spa|d
020 |a 9789560003928 
082 0 4 |a 983  |b ESC  |2 21 
100 0 |a Escobar Morales, Marcelo  |e author  |9 594329 
700 0 |a Araneda González, Marcela Paz  |e author  |9 594330 
700 0 |a Baeza Hermosilla, Marcelo  |e author  |9 594331 
245 1 0 |a Mito del Reyno de Chile siglo XX: invención ilustrada de un Chile Secreto, 1910-2010 
250 |a 1a. ed 
300 |a 91 p 
942 |c BK 
945 |d 20170811 15:21:00  |a dcastane 
260 |a Santiago  |b Lom  |c 2012 
650 0 |a Historia de Chile siglo 20  |9 268145 
650 0 |a Hechos históricos  |9 437427 
650 0 |a Investigación histórica  |9 344844 
583 |a last modification  |c 20170811 15:21:00  |k Rodrigo Vera 
999 |c 369237  |d 369235